000 00711nam a22002177a 4500
999 _c179399
_d179399
005 20210610144751.0
010 _aB-740209
020 _a9780195673890
_c195.00
035 _aB-740209
037 _bGift
082 _a730.954792
100 _aDhavalikar, M. K.
245 _aEllora /
_cby M. K. Dhavalikar
260 _aNew Delhi
_bOxford University Press
_c2009
270 _aYMCA Library Building, Jai Singh Road
_bNew Delhi
_e110001
300 _axi, 104p.:
_c22cm(Hb)
_bill.
490 _aMonumental Legacy
650 _aCave temples
_zIndia
_zEllora Caves.
942 _2ddc
_cEN
_mDHA
_h730.954792